Slang Words #2 - Statistics

General Stats
  • This quiz has been taken 121 times
    87 since last reset
  • The average score is 13 of 20
Answer Stats
Hint Answer % Correct
Bestie Best Friend
99%
Nah No
94%
YASSS Yes
94%
BFF Best Friend Forever
93%
Brutha Brother
93%
Plz Please
90%
Yolo You Only Live Once
86%
TTYL Talk To You Later
85%
Cray Crazy
82%
Totes Totally
76%
Feels Feelings
58%
Squad Group
56%
TBT Throwback Thursday
51%
On Fleek Perfect
39%
TTFN Ta Ta For Now
36%
MCM Man Crush Monday
35%
WCW Woman Crush Wednesday
35%
Chill Cool
24%
HAGS Have a Great Summer
22%
KIT Keep in Touch
6%
No matching quizzes found
Score Distribution
Percent of People with Each Score
Percentile by Number Answered
Your Score History
You have not taken this quiz since the last reset